| LEADER 00000nam 2200000uu 4500 |
| 001 213135 |
| 003 ULIBM |
| 008 020711s2563 th a 000 0 tha d |
| 020 9789744229250
|
| 041 ^atha
|
| 060 4 WT 100 ธ468ก 2563
|
| 100 ธัญพร ชื่นกลิ่น
|
| 245 การประเมินผลการดูแลสุขภาพระยะกลางของผู้สูงอายุในประเทศไทยตามนโยบายของกระทรวงสาธารณสุข=^bThe evaluation of intermediate care for the elderly in thailand according to the ministry of public health s policy/^cธัญพร ชื่นกลิ่น, นงณภัทร รุ่งเนย, นภัส แก้ววิเชียร, เบญจพร สุธรรมชัย, วิชาญ เกิดวิชัย, ศุภสิทธิ์ พรรณารุโณทัย
|
| 246 31 ^aThe Evaluation of Intermediate Care for the Elderly in Thailand According to the Ministry of Public Health s Policy
|
| 250 พิมพ์ครั้งที่ 1
|
| 260 เพชรบุรี :^bวิทยาลัยพยาบาลพระจอมเกล้า จังหวัดเพชรบุรี ร่วมกับ กรมการแพทย์ กระทรวงสาธารณสุข และมูลนิธิศูนย์วิจัยและติดตามความเป็นธรรมทางสุขภาพ,^c2563
|
| 300 ก-ฒ,152 หน้า :^bภาพประกอบ ;^c30 ซม.
|
| 650 4 ^aผู้สูงอายุ^zไทย
|
| 650 4 ^aผู้สูงอายุ^xการดูแล
|
| 650 4 ^aการดูแลสุขภาพระยะกลาง
|
| 650 4 ^aข้อเสนอเชิงนโนบาย
|
| 650 4 ^aวิจัย
|
| 700 0 ^aนงณภัทร รุ่งเนย
|
| 700 0 ^aนภัส แก้ววิเชียร
|
| 700 0 ^aเบญจพร สุธรรมชัย
|
| 700 0 ^aวิชาญ เกิดวิชัย
|
| 700 0 ^aศุภสิทธิ์ พรรณารุโณทัย
|
| 710 2 ^aจังหวัดเพชรบุรี. วิทยาลัยพยาบาลพระจอมเกล้า
|
| 710 2 ^aกระทรวงสาธารณสุข. กรมการแพทย์
|
| 710 2 ^aสถาบันวิจัยระบบสาธารณสุข
|
| 710 2 ^aมูลนิธิศูนย์วิจัยและติดตามความเป็นธรรมทางสุขภาพ
|
| 999 ^aใช้งานได้ทุกระบบ
|